Rückblick 2024 - Länder zuordnen (Europa) - Statistiken

Allgemein
  • Dieses Quiz wurde 116 mal gespielt
    114 seit der letzten Aktualisierung
  • Das Durchschnittsergebnis liegt bei 11 aus 15
Antwortstatistiken
Hint Antwort % Korrekt
Dieses Land stößt in einer Offensive in den russischen Oblast Kursk vor. Ukraine
98%
Durch den Bruch der Ampel-Koalition kommt es hier zu einer Regierungskrise. Deutschland
97%
Der Oppositionspolitiker Alexei Nawalny stirbt im Gefängnis, vermutlich wurde er von der Regierung ermordet. Russland
93%
Hier finden dieses Jahr die Olympischen Sommerspiele statt. Frankreich
91%
Formel-1-Weltmeister Max Verstappen kommt aus diesem Land. Niederlande
90%
Nach 52 Jahren auf dem Thron dankt Königin Margrethe II. ab. Nachfolger wird ihr Sohn Frederik X. Dänemark
77%
Dieses Land wird NATO-Mitglied. Schweden
70%
Der erste non-binäre Sieger des Eurovision Song Contest, Nemo, stammt aus diesem Land. Schweiz
69%
Nach mehreren Starkregenfällen kommt es zur opferreichsten Flutkatastrophe in der modernen Geschichte des Landes, mindestens 230 Menschen sterben. Spanien
69%
Keir Starmer wird zum Premierminister gewählt. Vereinigtes Königreich
66%
Premierminister Robert Fico wird in der Stadt Handlová bei einem Attentat angeschossen und schwer verletzt. Slowakei
59%
Tritt dem Schengen-Raum an den Luft- und Seebinnengrenzen bei. Rumänien
57%
Austragungsland und Sieger der Eishockey-Weltmeisterschaft. Tschechien
48%
Übernimmt im 2. Halbjahr die Ratspräsidentschaft der EU. Ungarn
48%
Übernimmt im 1. Halbjahr die Ratspräsidentschaft der EU. Belgien
27%
Keine übereinstimmenden Quizze gefunden
Verteilung der Resultate
Anzahl Personen mit jedem Resultat
Perzentil nach korrekt beantworteten Fragen
Ihre Resultats-Entwicklung
Sie haben dieses Quiz seit der letzten Aktualisierung nicht gespielt